Spell the Marvel Character #214 - Statistics

General Stats
  • This quiz has been taken 13 times
  • The average score is 12 of 14
Answer Stats
Picture Answer % Correct
Ant-Man
100%
Daredevil
100%
Echo
100%
Iron Fist
100%
Iron Man
100%
Ms. Marvel
100%
Punisher
100%
Rogue
100%
Outlaw
83%
Rage
83%
Spider-Man Noir
83%
Night Thrasher
67%
Spectrum
67%
Nighthawk
58%
No matching quizzes found
Score Distribution
Percent of People with Each Score
Percentile by Number Answered
Your Score History
You have not taken this quiz